Tilastot visalle The Least Crime Rated Countries

Klikkaa tästä pelataksesi tätä visaa!

Yleistilastot

  • Tätä visaa on pelattu 9 kertaa
  • Keskiarvotulos 3 / 10

Vastaustilastot

Vastaus% Oikein
Switzerland
78%
Japan
67%
Taiwan
44%
United Arab Emirates
33%
Oman
22%
Qatar
22%
Armenia
11%
Hong Kong
11%
Isle Of Man
11%
Slovenia
11%

Tulosjakauma

Persentiili vastausten määrän mukaan

Jokaisen tuloksen saaneiden osuus

Tuloshistoriasi

Et ole pelannut tätä visaa